Catecismo cristológico: respuestas del nuevo testamento
保存先:
| 第一著者: | |
|---|---|
| フォーマット: | 図書 |
| 言語: | スペイン語 |
| 出版事項: |
Salamanca
Sígueme
1984
|
| シリーズ: | Biblia y Catequesis, 4
|
| 主題: | |
| タグ: |
タグ追加
タグなし, このレコードへの初めてのタグを付けませんか!
|
MARC
| LEADER | 00000nam a2200000 a 4500 | ||
|---|---|---|---|
| 001 | UCL6254 | ||
| 003 | CL-VaPUC | ||
| 008 | 040402e19840000SP |||||||||||||||||spa|d | ||
| 020 | |a 8430109455 | ||
| 082 | 0 | 4 | |a 232 |b FIT |2 21 |
| 100 | 0 | |a Fitzmyer, Joseph A |e author |9 483957 | |
| 245 | 1 | 0 | |a Catecismo cristológico: respuestas del nuevo testamento |
| 300 | |a 159 p | ||
| 942 | |c BK | ||
| 945 | |d 20040402 00:00:00 |a vberengu | ||
| 260 | |a Salamanca |b Sígueme |c 1984 | ||
| 650 | 0 | |a Cristología |9 315091 | |
| 583 | |a last modification |c 20040402 00:00:00 |k Rodrigo Vera | ||
| 490 | 0 | |a Biblia y Catequesis, 4 | |
| 999 | |c 308431 |d 308429 | ||
| 952 | |0 0 |1 0 |4 0 |6 232_000000000000000_FIT_1984 |7 0 |8 A |9 374951 |a BIBTEO |b BIBTEO |d 2019-11-21 |i 2108283 |o 232 FIT 1984 |p 2108283 |r 2025-01-17 |w 2019-11-21 |y BK |k ICR | ||